100 Biggest Cities of Spain on a Map - Statistics

General Stats
  • This quiz has been taken 690 times
  • The average score is 48 of 100
Answers on the Map
Answers color-coded by a green-red scale on the quiz's map according to % correct below.
 
Answer Stats
Population City % Correct
1,686,208 Barcelona
97%
3,422,416 Madrid
97%
686,741 Seville
95%
824,340 Valencia
95%
347,342 Bilbao
94%
592,346 Málaga
94%
691,037 Zaragoza
92%
438,234 Palma de Mallorca
90%
471,982 Murcia
87%
295,523 Vigo
84%
233,532 Granada
83%
324,902 Córdoba
82%
383,516 Las Palmas
82%
249,255 A Coruña
80%
358,608 Alicante
80%
188,487 San Sebastián
80%
94,942 San Sebastián de los Reyes
80%
299,816 Valladolid
80%
111,180 Cádiz
79%
208,243 Pamplona
78%
173,635 Santander
76%
270,219 Gijón
75%
106,476 Girona
73%
220,027 Oviedo
72%
83,179 Ceuta
70%
201,946 Almería
69%
86,281 Toledo
67%
122,866 León
66%
99,491 Santiago de Compostela
66%
85,985 Melilla
64%
242,317 Elche
63%
191,560 Getafe
62%
282,299 L'Hospitalet de Llobregat
62%
144,458 Salamanca
62%
210,486 Santa Cruz de Tenerife
61%
141,018 Tarragona
61%
143,526 Huelva
60%
151,146 Badajoz
59%
176,551 Burgos
59%
257,407 Vitoria-Gasteiz
57%
219,235 Cartagena
56%
159,054 Marbella
56%
214,844 Jerez de la Frontera
55%
226,219 Badalona
53%
174,073 Albacete
52%
111,945 Jaén
51%
144,878 Lleida
48%
179,861 Castellón de la Plana
46%
150,845 Logroño
45%
104,725 Ourense
44%
125,047 Algeciras
43%
99,365 Lugo
43%
228,294 Terrassa
41%
90,878 Guadalajara
39%
193,934 Leganés
39%
109,961 Reus
39%
96,448 Cáceres
38%
140,463 Dos Hermanas
38%
221,564 Sabadell
36%
83,106 Pontevedra
34%
174,740 Alcorcón
32%
213,268 Móstoles
32%
199,804 Alcalá de Henares
31%
190,496 Fuenlabrada
31%
130,887 Mataró
30%
101,869 Barakaldo
26%
121,446 Alcobendas
24%
103,587 Telde
24%
95,760 Torrevieja
24%
85,646 Fuengirola
23%
141,047 Torrejón de Ardoz
23%
97,769 Lorca
22%
79,737 Manresa
22%
134,876 Parla
22%
120,903 Santa Coloma de Gramenet
22%
85,138 Talavera de la Reina
22%
89,462 El Ejido
21%
160,855 San Cristóbal de La Laguna
21%
87,300 Vélez-Málaga
21%
78,590 Estepona
20%
99,193 Las Rozas de Madrid
20%
108,348 Roquetas de Mar
20%
80,001 Gandia
19%
93,793 San Fernando
19%
89,456 Torrent
19%
89,805 Chiclana de la Frontera
18%
90,423 El Puerto de Santa María
18%
101,637 Rivas-Vaciamadrid
18%
81,523 Rubí
18%
84,588 Sant Boi de Llobregat
18%
98,649 Sant Cugat del Vallès
18%
78,011 Benalmádena
17%
91,196 Cornellà de Llobregat
17%
92,211 Mijas
17%
83,348 Orihuela
17%
87,848 Arona
16%
89,123 Pozuelo de Alarcón
16%
80,688 Coslada
15%
83,582 Valdemoro
15%
78,048 Santa Lucía de Tirajana
9%
No matching quizzes found
Score Distribution
Percent of People with Each Score
Percentile by Number Answered
Your Score History
You have not taken this quiz